<?xml version="1.0" encoding="UTF-8"?>
<record
    xmlns:xsi="http://www.w3.org/2001/XMLSchema-instance"
    xsi:schemaLocation="http://www.loc.gov/MARC21/slim http://www.loc.gov/standards/marcxml/schema/MARC21slim.xsd"
    xmlns="http://www.loc.gov/MARC21/slim">

  <leader>00349    a2200073   4500</leader>
  <datafield tag="100" ind1=" " ind2=" ">
    <subfield code="a">Gupt R.</subfield>
    <subfield code="9">211685</subfield>
  </datafield>
  <datafield tag="245" ind1=" " ind2=" ">
    <subfield code="a">&#x915;&#x94D;&#x930;&#x93E;&#x902;&#x924;&#x93F;&#x935;&#x940;&#x930; &#x924;&#x93E;&#x924;&#x94D;&#x92F;&#x93E; &#x91F;&#x94B;&#x92A;&#x947; &#x92A;&#x939;&#x93F;&#x932;&#x94D;&#x92F;&#x93E; &#x938;&#x94D;&#x935;&#x93E;&#x924;&#x902;&#x924;&#x94D;&#x930;&#x94D;&#x92F;&#x938;&#x902;&#x917;&#x94D;&#x930;&#x93E;&#x92E;&#x93E;&#x91A;&#x947; &#x905;&#x92E;&#x930; &#x938;&#x947;&#x928;&#x93E;&#x92A;&#x924;&#x940; </subfield>
  </datafield>
  <datafield tag="260" ind1=" " ind2=" ">
    <subfield code="b">Bharatiya Vichar Sadhana Pune Prakashan</subfield>
    <subfield code="c">2018</subfield>
  </datafield>
  <datafield tag="999" ind1=" " ind2=" ">
    <subfield code="c">365683</subfield>
    <subfield code="d">365683</subfield>
  </datafield>
  <datafield tag="952" ind1=" " ind2=" ">
    <subfield code="0">0</subfield>
    <subfield code="1">0</subfield>
    <subfield code="2">ddc</subfield>
    <subfield code="4">0</subfield>
    <subfield code="7">0</subfield>
    <subfield code="a">CCEP</subfield>
    <subfield code="b">CCEP</subfield>
    <subfield code="d">2025-03-13</subfield>
    <subfield code="e">188</subfield>
    <subfield code="g">115.50</subfield>
    <subfield code="l">0</subfield>
    <subfield code="o">891.46 GUP</subfield>
    <subfield code="p">CCEP-BK-68758</subfield>
    <subfield code="r">2025-03-13 00:00:00</subfield>
    <subfield code="v">165.00</subfield>
    <subfield code="w">2025-03-13</subfield>
    <subfield code="y">BK</subfield>
  </datafield>
</record>
